01079nam a2200277Mi 4500001001300000003000600013005001700019008004100036020001800077035002100095040005000116041001300166100002100179245014900200260004500349300001800394500010800412504005300520650001400573650003100587650001900618650001600637650002500653700003700678765008600715ocn900264115OCoLC20150727144110.0150727s2009 cl frb 001 0 spa d a9789568245962 a(OCoLC)900264115 aCO_BoUCMbspacSandra PalaciodSandra Palacio1 aspaheng1 aVéliz, Claudio14aLos dos mundos del nuevo mundobcultura y economìa en Angloamérica e HispanoaméricacClaudio Véliz, traducción de Oscar Luis Molina S. aSantiago de Chile (Chile)bTajamarc2011 a316 páginas aTítulo original: The new world of the gothic fox : culture and economy in English and Spanish America aIncluye referencias bibliográficas e índices 7aHistoria  4aColonización de tierras  7aColonización 7aEconomía  7aEconomía colonial 1 aMolina S., Oscar Luisetraductor1 aThe new world of the gotic fox culture and economy in english an spanish America